000 00436nam a22001577a 4500
005 20251106112747.0
008 251106b |||||||| |||| 00| 0 eng d
020 _a9780465050659
050 _aTS171.4
_b.N67
100 _aNorman, Don
245 _aThe Design of Everyday Things
_cDon Norman
250 _bRevised & Expanded Edition
260 _aNew York
_bBasic Books
_c2013
300 _axviii. 347p.
_bill.
_c21cm
942 _2lcc
_cBK
_n0
999 _c8119
_d8119